Premier League Goalscorers 2024/25: Gameweek 5 - Statistics

General Stats
  • This quiz has been taken 57 times
  • The average score is 25 of 30
Answer Stats
Fixture Team Score Goalscorer % Correct
Manchester City v Arsenal Manchester City 1-0 Erling Haaland
96%
Brighton v Nottingham Forest Nottingham Forest 1-0 Chris Wood
94%
West Ham v Chelsea Chelsea 3-0 Cole Palmer
94%
Tottenham v Brentford Brentford 1-0 Bryan Mbeumo
90%
Manchester City v Arsenal Arsenal 2-1 Gabriel
90%
Liverpool v Bournemouth Liverpool 1-0 Luis Diaz
90%
Liverpool v Bournemouth Liverpool 2-0 Luis Diaz
90%
West Ham v Chelsea Chelsea 1-0 Nicolas Jackson
90%
West Ham v Chelsea Chelsea 2-0 Nicolas Jackson
90%
Aston Villa v Wolves Aston Villa 1-1 Ollie Watkins
90%
Tottenham v Brentford Tottenham 2-1 Brennan Johnson
88%
Manchester City v Arsenal Manchester City 2-2 John Stones
88%
Brighton v Nottingham Forest Brighton 2-1 Danny Welbeck
84%
Liverpool v Bournemouth Liverpool 3-0 Darwin Nunez
84%
Aston Villa v Wolves Aston Villa 3-1 Jhon Duran
84%
Manchester City v Arsenal Arsenal 1-1 Riccardo Calafiori
84%
Tottenham v Brentford Tottenham 1-1 Dominic Solanke
82%
Aston Villa v Wolves Wolves 1-0 Matheus Cunha
82%
Fulham v Newcastle Newcastle 2-1 Harvey Barnes
80%
Tottenham v Brentford Tottenham 3-1 James Maddison
80%
Fulham v Newcastle Fulham 1-0 Raul Jimenez
80%
Fulham v Newcastle Fulham 2-0 Emile Smith-Rowe
76%
Aston Villa v Wolves Aston Villa 2-1 Ezri Konsa
76%
Leicester v Everton Leicester 1-1 Stephy Mavididi
76%
Southampton v Ipswich Ipswich 1-1 Sam Morsy
75%
Southampton v Ipswich Southampton 1-0 Tyler Dibling
73%
Brighton v Nottingham Forest Brighton 1-1 Jack Hinshelwood
71%
Brighton v Nottingham Forest Nottingham Forest 2-2 Ramon Sosa
71%
Leicester v Everton Everton 1-0 Iliman Ndiaye
69%
Fulham v Newcastle Fulham 3-1 Reiss Nelson
61%
No matching quizzes found
Score Distribution
Percent of People with Each Score
Percentile by Number Answered
Your Score History
You have not taken this quiz